000 01219naa a2200217 a 4500
003 BD-RjUL
005 20221219111741.0
008 221219s196? u ||||| |||| 00| 0 ar d
035 _a(BD-RjUL)
040 _aBD-RjUL
_beng
_cBD-RjUL
041 _aara
082 _223
_a305.5209560902
_bIBW 196?
100 _a ابن خلكان،, Ibn Khalkan,
_d 1211-1282, ,
_96361
245 1 0 _a وفيات الاعيان وانباء انباء الزمان / Wafayāt al-aʻyān wa-anbāʼ anbāʼ al-zamān /
_cAuthors:تأليف احمد الشهير بابن خلكان. ويليه فوات الوفيات لصلاح الكتبي., ابن خلكان،, 1211-1282, قاصم، محمد., منق، علي بن بالي،, ʻAlī ibn Bālī Manq, طاشكبريزادة، احمد بن مصطفى، / taʼlīf Aḥmad al-shahīr bi-Ibn Khallikān. Wa-yalīhi Fawāt al-wafayāt li-Ṣalāḥ al-Kutubī., Ibn Khallikān, Muḥammad Qāṣim, Aḥmad ibn Muṣṭafá Ṭāshkubrīʹzādah
260 _aBagdad :
_bمطبعة بولاق،],/ [Maṭbaʻat Būlāq],
_c[1885]]
300 _aV. ;
_c23 cm
505 _aVol. 1
650 _2Biographies Early works Islamic
650 _a Empire Islamic
_96362
942 _2ddc
_cBK
999 _c80985
_d80985